| 000 | 00563nam a2200181Ia 4500 | ||
|---|---|---|---|
| 008 | 100920s9999 xx 000 0 und d | ||
| 082 |
_b104219 _a51 न 07 |
||
| 100 | _aपेठे रमेश. | ||
| 245 | _aसुलोचना दीदी. | ||
| 260 |
_bशकुन प्रकाशन , पुणे. _c2007 |
||
| 300 |
_a208 _bसाधी |
||
| 365 | _b250 | ||
| 520 | _aचरित्र. | ||
| 630 | _aसुलोचना दीदी. | ||
| 650 | _aचरित्र. | ||
| 730 | _aसुलोचना दीदी. | ||
| 942 | _cBOOK | ||
| 999 |
_c744651 _d744648 |
||